Communism and the French Left.

Bibliographic Details
Main Author: Micaud, Charles Antoine, 1910-
Format: Book
Language:English
Published: New York : Preager, [1963]
Series:Books that matter
Subjects:

MARC

Tag First Indicator Second Indicator Subfields
LEADER 00000cam a2200000 4500
001 in00000068156
005 20151008051342.0
008 720329s1963 nyu b 00000 eng u
010 |a  63011160  
035 |a (OCoLC)00272649 
035 |9 AAG7355AM 
040 |c WSU  |d TXA  |d UtOrBLW 
049 |a TXAM  |c [360725] 
050 0 |a HX266  |b .M48 
092 |a 329.944  |b M619c 
100 1 |a Micaud, Charles Antoine,  |d 1910- 
245 1 0 |a Communism and the French Left. 
264 1 |a New York :  |b Preager,  |c [1963] 
300 |a 308 pages 
336 |a text  |b txt  |2 rdacontent 
337 |a unmediated  |b n  |2 rdamedia 
338 |a volume  |b nc  |2 rdacarrier 
490 0 |a Books that matter 
610 2 0 |a Parti communiste français. 
650 0 |a Communism  |z France. 
650 0 |a Socialism  |z France. 
651 0 |a France  |x Politics and government  |y 1945- 
651 0 |a France  |x Intellectual life. 
999 |a MARS 
999 f f |s f0406c01-4cf8-38f7-a358-c1946df21cf5  |i 8ff30e45-8844-3bbb-bb91-75f4f655e14d  |t 0 
952 f f |p ric  |a Texas A&M University  |b Rellis Campus  |c Joint Library Facility  |d Remote Storage  |t 0  |e HX266 .M48  |h Library of Congress classification  |i unmediated -- volume  |m A14800684592 
998 f f |a HX266 .M48  |t 0  |l Remote Storage